000 01339nam a2200301 a 4500
001 ebr10567282
003 CaPaEBR
006 m u
007 cr cn|||||||||
008 120612s2011 enk s 001 0deng d
020 _z9781847600912
020 _z9781847600875 (e-book)
040 _aCaPaEBR
_cCaPaEBR
035 _a(OCoLC)797832138
050 1 4 _aPR5852
_b.C87 2011eb
100 1 _aWordsworth, William,
_d1770-1850.
245 1 4 _aThe poems of William Wordsworth
_h[electronic resource] :
_bcollected reading texts from the Cornell Wordsworth series. Volume III /
_cedited by Jared Curtis.
260 _aTirril [England] ;
_aPenrith, Calif. :
_bHumanities-Ebooks,
_c2011.
300 _a871 p.
490 0 _aThe poems of William Wordsworth : collected reading texts from the Cornell Wordsworth series ;
_vv. 3
500 _aIncludes indexes.
533 _aElectronic reproduction.
_bPalo Alto, Calif. :
_cebrary,
_d2011.
_nAvailable via World Wide Web.
_nAccess may be limited to ebrary affiliated libraries.
600 1 0 _aWordsworth, William,
_d1770-1850
_xCriticism and interpretation.
655 7 _aElectronic books.
_2local
700 1 _aCurtis, Jared.
710 2 _aebrary, Inc.
856 4 0 _uhttp://site.ebrary.com/lib/rucke/Doc?id=10567282
_zAn electronic book accessible through the World Wide Web; click to view
999 _c93273
_d93273